| 000 | 01024nam a2200289 a 4500 | ||
|---|---|---|---|
| 001 | BRCA_8581 | ||
| 005 | 20190320210334.0 | ||
| 008 | 190816s1717----uk-#######---#000-0#eng-# | ||
| 041 | _aeng | ||
| 044 | _aUk | ||
| 050 | 4 |
_aBX5011 _b.A36 _c1717 |
|
| 245 | 1 | 0 |
_aA companion for the festivals and fast of the church of England _bwith collects and prayers fo each solemnity. |
| 250 | _atenth edition | ||
| 260 |
_aLondon _bW. bowyer, for W. churchill _c1717 |
||
| 300 |
_axxii, 636 p. _c20 cm |
||
| 500 | _aFondo antiguo | ||
| 500 | _aSe encuentra en Caja Fuerte | ||
| 500 | _a12-152 | ||
| 500 | _aGrabado en la anteportada | ||
| 500 | _aContiene prefacio | ||
| 500 | _aIncluye índice alfabético | ||
| 500 | _aCon dos firmas en la guarda: Gorges Foyle his book given him by his aunt Foyle, 1737. Anne Foyle given me by M. Bromely | ||
| 506 | 0 | _aFondo reservado: para su consulta es necesario credencial de usuario y carta de motivos | |
| 650 | 1 | 4 |
_aIglesia _zInglaterra _921484 |
| 902 | _aLAR | ||
| 942 |
_2lcc _cB |
||
| 999 |
_c8244 _d8244 |
||